Minecraft ores - Statistics

General Stats
  • This quiz has been taken 725 times
    717 since last reset
  • The average score is 5 of 6
Answer Stats
Hint Answer % Correct
this you can only mine with a stone pickaxe and above iron ore
97%
when you find this glows red but when you mine it becomes 4-5 units redstone ore
89%
you can mine this with a wooden pickaxe and above coal ore
88%
This can only be mine by a iron pickaxe and above and is very rare diamond ore
86%
It can be used in the most powerful amor and tools but breaks quickly gold ore
86%
This is used for blue dye and some other dyes e.g light blue dye lapis lazuli ore
63%
No matching quizzes found
Score Distribution
Percent of People with Each Score
Percentile by Number Answered
Your Score History
You have not taken this quiz since the last reset